| Tag |
First Indicator |
Second Indicator |
Subfields |
| LEADER |
00000cam a2200000Ia 4500 |
| 001 |
in00002084521 |
| 005 |
20151102153747.0 |
| 008 |
030228s2002 txuab b 000 0 eng d |
| 035 |
|
|
|a (OCoLC)ocm51767154
|
| 040 |
|
|
|a TXK
|c TXK
|d IKM
|d OCLCQ
|d TXA
|d UtOrBLW
|
| 043 |
|
|
|a n-us-tx
|
| 049 |
|
|
|a TXAM
|
| 090 |
|
|
|a F392.H38
|b M358 2002
|
| 100 |
1 |
|
|a Mangum, Douglas G.
|
| 245 |
1 |
0 |
|a Archeological survey of the proposed Brays Bayou detention basin, Harris County, Texas :
|b Harris County Flood Control District Project ID number D500-040-00-Y001 /
|c by Douglas G. Mangum and Roger G. Moore.
|
| 246 |
3 |
0 |
|a Proposed Brays Bayou detention basin, Harris County, Texas
|
| 264 |
|
1 |
|a Houston, Tex. :
|b Moore Archeological Consulting, Inc.,
|c 2002.
|
| 300 |
|
|
|a iii, 31 leaves :
|b color illustrations ;
|c 28 cm.
|
| 336 |
|
|
|a text
|b txt
|2 rdacontent
|
| 337 |
|
|
|a unmediated
|b n
|2 rdamedia
|
| 338 |
|
|
|a volume
|b nc
|2 rdacarrier
|
| 490 |
1 |
|
|a Report of investigations ;
|v no. 322
|
| 500 |
|
|
|a "October 2002."
|
| 500 |
|
|
|a "Texas Antiquities [Committee] permit number 2895."
|
| 504 |
|
|
|a Includes bibliographical references (leaves 16-18).
|
| 650 |
|
0 |
|a Archaeological surveying
|z Texas
|z Harris County.
|
| 650 |
|
0 |
|a Excavations (Archaeology)
|z Texas
|z Harris County.
|
| 651 |
|
0 |
|a Harris County (Tex.)
|x Antiquities.
|
| 700 |
1 |
|
|a Moore, Roger G.
|
| 710 |
2 |
|
|a Texas Antiquities Committee.
|
| 710 |
2 |
|
|a Moore Archeological Consulting.
|
| 830 |
|
0 |
|a Report of investigations (Moore Archeological Consulting) ;
|v no. 322.
|
| 994 |
|
|
|a C0
|b TXA
|
| 948 |
|
|
|a cataloged
|b h
|c 2005/11/18
|d c
|e rrojas/erowan
|
| 999 |
|
|
|a MARS
|
| 999 |
f |
f |
|s 15eb209c-2be3-329a-86ba-96e5d5c3e1c1
|i e7f8f282-d1c4-3c7e-bba9-2e03a51982ee
|t 0
|
| 952 |
f |
f |
|p ric
|a Texas A&M University
|b Rellis Campus
|c Joint Library Facility
|d Remote Storage
|t 0
|e F392.H38 M358 2002
|h Library of Congress classification
|i unmediated -- volume
|m A14832405550
|
| 998 |
f |
f |
|a F392.H38 M358 2002
|t 0
|l Remote Storage
|